|
|
|
|
| LEADER |
00751cam a2200169Ia 4500 |
| 020 |
|
|
|a 0195673425
|
| 020 |
|
|
|a 9780195673425
|
| 082 |
|
|
|a 930.109 54
|b DIL/O
|
| 100 |
1 |
|
|a Chakrabarti, Dilip K.
|
| 245 |
1 |
4 |
|a The Oxford companion to Indian archaeology :
|b the archaeological foundations of ancient India, stone age to AD 13th century /
|
| 260 |
|
|
|a New Delhi [India] ;
|a Oxford [England] ;
|a New York :
|b Oxford University Press,
|c 2006.
|
| 300 |
|
|
|a xvi, 570 p., [16] p. of plates :
|
| 650 |
|
0 |
|a Excavations (Archaeology)
|z India.
|
| 650 |
|
0 |
|a Archaeology
|z India
|
| 942 |
|
|
|c BK
|
| 999 |
|
|
|c 96167
|d 96167
|
| 952 |
|
|
|0 0
|1 0
|4 0
|6 930_109000000000000_54_DIL_O
|7 0
|9 88948
|a SSS
|b SSS
|c GEN
|d 2011-08-29
|g 2250.00
|l 1
|o 930.109 54 DIL/O
|p SSS05184
|r 2014-10-30
|s 2014-10-23
|w 2011-08-29
|y BK
|